000 01100nam a2200205 a 4500
001 BRCA_8887
005 20190320210440.0
008 150617s1775----sp-#######---#000-0#lat-#
041 _alat
084 _aCO37
_p.F74 1775
100 1 _aFreiesleben, Christoph Heinrich
_922116
245 1 0 _aCorpus iuris civilis academicum
_bIn suas partes distributum, usuique moderno ita accommodatum, ut nunc studiosorum quivis, etiam yro, uno quasi intuitu, ones leges digestorum & codicis, omnesque títulos institutionum invenire possit
_cAuctore Christoph Henr. Freiesleben, Alias Ferromontano; Editio nova, revisa, et a plurimis mendis repurgata, necnon locis Parallelis seque invicem illustrantibus adaucta; tomus I.
260 _aColoniae Munatianae
_bSumptibus Emanuelis Thurneysen
_c1775
300 _a[4], 1615 p. (t.1)
_c26.8 x 20.8 cm
500 _aCum privilegio sacre caesareae majestatis
500 _aEstado físico: presenta encuadernación en pergamino con cintas rotas y presencia del pez de plata
650 1 4 _aDerecho civil
_yObras anteriores a 1800
_922117
902 _aCFM
942 _2lcc
_cB
999 _c8538
_d8538